| 000 -LEADER |
| fixed length control field |
01906cam a2200217 a 4500 |
| 020 ## - INTERNATIONAL STANDARD BOOK NUMBER |
| ISBN |
0819184594 (cloth : alk. paper) |
| 020 ## - INTERNATIONAL STANDARD BOOK NUMBER |
| ISBN |
9780819184597 (cloth : alk. paper) |
| 040 ## - CATALOGING SOURCE |
| Transcribing agency |
DLC |
| 082 00 - DEWEY DECIMAL CLASSIFICATION NUMBER |
| Classification number |
305 DIS 1992 C158 Or. |
| 100 1# - MAIN ENTRY--AUTHOR NAME |
| Personal name |
Quirk, William J., |
| 245 10 - TITLE STATEMENT |
| Title |
Abandoned : |
| Remainder of title |
the betrayal of the American middle class since World War II / |
| 260 ## - PUBLICATION, DISTRIBUTION, ETC. (IMPRINT) |
| Place of publication |
Lanham, Md. : |
| Name of publisher |
Madison Books : |
| -- |
Distributed by National Book Network, |
| Year of publication |
c1992. |
| 300 ## - PHYSICAL DESCRIPTION |
| Number of Pages |
xxiv, 442 p. ; |
| Dimensions |
24 cm. |
| 500 ## - GENERAL NOTE |
| General note |
Includes index. |
| 520 ## - SUMMARY, ETC. |
| Summary, etc |
Do you consider yourself a member of the middle class? Eighty percent of Americans describe themselves in those terms; working-class citizens who are neither rich nor poor. Has the government addressed the needs of the middle class to your satisfaction? William J. Quirk and R. Randall Bridwell argue that the fundamental interests of the middle class have been ignored and undermined since WWII. This provocative book chronicles the events which have defined the post-WWII political and economic period, and shows how the middle class has been compromised in the process. From the New York City fiscal crisis of the 70s, to the rise of the new judicial activism, to the looming economic influence of Japan, the authors show for the first time how these developments are interrelated. |
| 520 8# - SUMMARY, ETC. |
| Summary, etc |
The authors provide a novel interpretation of the constitutional meaning of the events leading to the abandonment of the middle class, as well as a new interpretation of the condition of the American Constitution as it is applied today. By analyzing the constitutional source of problems which our political system has had in recent years, the authors provide a new theory as to why the federal system is not working, and they offer novel solutions for the future. |
| 650 #0 - SUBJECT ADDED ENTRY--TOPICAL TERM |
| Topical Term |
Middle class |
| 650 #0 - SUBJECT ADDED ENTRY--TOPICAL TERM |
| Topical Term |
Intellectuals |
| 700 1# - ADDED ENTRY--PERSONAL NAME |
| Personal name |
Bridwell, R. Randall. |
| 942 ## - ADDED ENTRY ELEMENTS (KOHA) |
| Koha item type |
ADB |
| 952 ## - LOCATION AND ITEM INFORMATION (KOHA) |
| Withdrawn status [LOCAL, KOHA] |
0 |
| 952 ## - LOCATION AND ITEM INFORMATION (KOHA) |
| Withdrawn status [LOCAL, KOHA] |
0 |